000 01368nam a22002537a 4500
999 _c63042
_d63042
005 20260127093929.0
008 s2553 th ||||| |||| 00| 0 tha d
020 _a9786167290324
040 _aNALT
050 _aDD901.M98 ท474ม 2553
100 0 _aทิพยา ผุสวรรณ
245 1 0 _aมิวนิคและบาวาเรีย
260 3 _aกรุงเทพฯ :
_bวงกลม,
_c2553
300 _a159 หน้า :
_b ภาพประกอบ ;
_c 18 ซม.
650 0 4 _aบาวาเรีย (เยอรมนี) -- ภูมิประเทศและการท่องเที่ยว
650 0 4 _aมิวนิค (เยอรมนี) -- ภูมิประเทศและการท่องเที่ยว
650 0 4 _aเยอรมนี -- ประวัติศาสตร์
650 0 4 _aบาวาเรีย -- ภูมิประเทศและการท่องเที่ยว
650 0 4 _aมิวนิค -- ภูมิประเทศและการท่องเที่ยว
850 _aNALT
856 4 0 _uhttps://hdl.handle.net/20.500.14156/333835
_71
942 _cGB
_07
_2lcc
998 _j111
_k นางสาวพจพิณ พรมเอี่ยม